| 000 | 01623cam a2200373 a 4500 | ||
|---|---|---|---|
| 001 | 1686592 | ||
| 005 | 20221031153854.0 | ||
| 008 | 990526s1999 nyub b 001 0 eng | ||
| 010 | _a 99035364 | ||
| 020 | _a0521652820 (alk. paper) | ||
| 020 | _a0521654254 (pbk. : alk. paper) | ||
| 040 |
_aDLC _cDLC _dDLC |
||
| 042 | _apcc | ||
| 043 | _aa-ja--- | ||
| 050 | 0 | 0 |
_aQ175.52.J3 _bL68 1999 |
| 082 | 0 | 0 |
_a303.4830952 _bLOW |
| 100 | 1 |
_aLow, Morris. _9102036 |
|
| 245 | 1 | 0 |
_aScience, technology and society in contemporary Japan / _cMorris Low, Shigeru Nakayama, Hitoshi Yoshioka. |
| 260 |
_aNew York : _bCambridge University Press, _c1999. |
||
| 300 |
_axiii, 226 p. : _bmap ; _c23 cm. |
||
| 440 | 0 |
_aContemporary Japanese society _9101781 |
|
| 504 | _aIncludes bibliographical references and index. | ||
| 650 | 0 |
_aScience _xSocial aspects _zJapan. _9102037 |
|
| 650 | 0 |
_aScience and state _zJapan. _9102038 |
|
| 650 | 0 |
_aTechnology and state _zJapan. _9102039 |
|
| 650 | 0 |
_aTechnology _xSocial aspects _zJapan. _9102040 |
|
| 700 | 1 |
_aNakayama, Shigeru, _d1928- _9102041 |
|
| 700 | 1 |
_aYoshioka, Hitoshi, _d1953- _9102042 |
|
| 856 | 4 | 2 |
_3Publisher description _uhttp://www.loc.gov/catdir/description/cam0210/99035364.html |
| 856 | 4 | 1 |
_3Table of contents _uhttp://www.loc.gov/catdir/toc/cam028/99035364.html |
| 906 |
_a7 _bcbc _corignew _d1 _eocip _f19 _gy-gencatlg |
||
| 942 |
_2ddc _cBK |
||
| 999 |
_c592166 _d592166 |
||